00978 2200313 4500001002100000005001500021035002000036007000300056008004100059020002200100082001600122084001800138100003300156245008000189250003300269300003900302650003600341700002700377504003400404264005200438336002100490337003000511338002300541040002200564090002200586850001200608999002200620990002200642INLIS00000000089008220240820101928 a0010-0824000645ta240820s2024 yoia g ind d a978-623-10-0379-904223a297.273 a297.273 RIZ k0 aRizky Dwi PradanaePengarang10aKeistimewaan hukum waris Islam /cRizky Dwi Pradana; penyunting, Edi Sofwan aCetakan Pertama, 27 Mei 2024 av, [117] halaman :btabel ;c23 cm 4aWaris dan pewaris (Hukum Islam)0 aEdi SofwanePenyunting aBibliografi : halaman 115-11731aGunungkidul :bYayasan Kayyis Mulia Jaya,c2024 2rdacontentateks 2rdamediaatanpa perantara 2rdacarrieravolume aYOPDYOGbinderda aCB-D.11 2024-2751 aYOPDYOG aCB-D.11/2024-2751 aCB-D.11/2024-2751